00709 a2200193 4500020001500000020001800015082001200033090001300045100001900058245010100077260003600178300002100214490006300235700001900298830006300317942002500380999001700405952009300422 a0444511024 a978044451102704a620.116 c726d7261 aKulasiri, Don.10aStochastic dynamics. modeling solute transport in porous media /cDon Kulasiri, Wynand Verwoerd. a[S.l.] :bNorth Holland,c2002. a252 p. ;c23 cm.1 aNorth-holland series in applied mathematics and mechanics.1 aKulasiri, Don. 0aNorth-holland series in applied mathematics and mechanics. aSNScBKk620.116 KUL c29355d29355 00104070aSNSbSNSd2016-05-26l0o620.116 KULpSNS0000887r2016-05-26w2016-05-26yBK